000 00305nam a2200109Ia 4500
008 220217s9999||||xx |||||||||||||| ||und||
100 _aSharma, Sunil
_91298
245 0 _aGraphical user interface
260 _aPentagon press
_bNew Delhi
_c2000
300 _aXII, 340p
_b695
650 _aCOMPUTER NETWORK
999 _c166196
_d166196